| Tag |
First Indicator |
Second Indicator |
Subfields |
| LEADER |
00000cam a2200000Ia 4500 |
| 001 |
in00002562021 |
| 005 |
20151201154211.0 |
| 007 |
hd bfv---baap |
| 007 |
he amv---bacp |
| 008 |
980109s1939 enka b 000 1 eng d |
| 035 |
|
|
|a (OCoLC)ocm38175196
|
| 037 |
|
|
|a CL0021000021
|b ProQuest Information and Learning, 300 N. Zeeb Rd., Ann Arbor, MI 48106-1346
|
| 040 |
|
|
|a OPP
|c OPP
|d UtOrBLW
|
| 049 |
|
|
|a OPPA
|
| 090 |
|
|
|a PZ5
|b .O67 1990 no.021:160.
|
| 245 |
0 |
0 |
|a Sunny times :
|b picture story book.
|
| 264 |
|
0 |
|a London :
|b P.M. (Productions),
|c [1939?]
|
| 300 |
|
|
|a 12 unnumbered pages :
|b illustrations
|
| 336 |
|
|
|a text
|b txt
|2 rdacontent
|
| 337 |
|
|
|a microform
|b h
|2 rdamedia
|
| 338 |
|
|
|a microfiche
|b he
|2 rdacarrier
|
| 500 |
|
|
|a Cover title.
|
| 500 |
|
|
|a Date of publication suggested by the Bodleian Library.
|
| 500 |
|
|
|a "P 204. Copyright 4. Printed in the Netherlands"--Colophon.
|
| 510 |
4 |
|
|a Opie
|c M 605
|
| 533 |
|
|
|a Microfiche.
|b Ann Arbor, Mich.
|c UMI,
|d 1996.
|e 1 microfiche.
|f (Opie collection of children's literature ; 021:160).
|7 s1996 miun b
|
| 500 |
|
|
|a Microform.
|
| 650 |
|
0 |
|a Children's stories.
|
| 830 |
|
0 |
|a Opie collection of children's literature ;
|v 021:160.
|
| 999 |
|
|
|a MARS
|
| 999 |
f |
f |
|s 9749d172-02c6-309d-ac17-56654ab0e8a4
|i 8b00aae8-e493-366b-9f22-bcbcc945c3e2
|t 0
|
| 952 |
f |
f |
|a Texas A&M University
|b College Station
|c Sterling C. Evans Library
|d Evans: Microforms Fiche (3rd floor)
|t 0
|e PZ5 .O67 1990 no.021:160.
|h Library of Congress classification
|
| 998 |
f |
f |
|a PZ5 .O67 1990 no.021:160.
|t 0
|l Evans: Microforms Fiche (3rd floor)
|